000 00338nam a22001337a 4500
020 _a978-9054107149
041 _aENG
100 _aC.V.J Varma
245 _aManual On Evaporation And Its Restriction From Free Water Surfaces
260 _aNew Delhi
_bOxford & IBH Publishing
_c1996
300 _a85
650 _aSWCE
856 _uSWCE
999 _c3251
_d3251